Tyler, The Creator Songs- Sudden Death - Statistics

General Stats
  • This quiz has been taken 5,492 times
  • The average score is 6 of 16
Answers on the Grid
Answers color-coded by a green-red scale on the quiz's grid according to % correct below.
Balloon
I DON'T LOVE YOU ANYMORE
Lookalikes
ARE WE STILL FRIENDS?
Hey Judy
Rollercoasters
Wave Back
Sent back from hell/Wheneveryouneedme
Yesterday is Tomorrow's Today
She
Chromakopia
I MISS YOU
BOYFRIEND
Yellow
DON'T SHOOT ME DOWN
Dobo94
48
911/Mr. Lonely
Pothole
December
Pigs
Tomato
Akward
Pilot
Partyisntover / Campfire / Bimmer
Oklahoma/Whenever
Okaga, CA
Sticky
Sit Down
Rah tah tah
 
Answer Stats
Answer % Correct
ARE WE STILL FRIENDS?
84%
Balloon
75%
I DON'T LOVE YOU ANYMORE
67%
She
48%
Sticky
37%
911/Mr. Lonely
36%
Rah tah tah
32%
BOYFRIEND
29%
Partyisntover / Campfire / Bimmer
25%
Pothole
25%
48
24%
Pigs
22%
Okaga, CA
21%
Akward
19%
Pilot
18%
Yellow
11%
No matching quizzes found
Score Distribution
Percent of People with Each Score
Percentile by Number Answered
Your Score History
You have not taken this quiz